000 00460nam a2200169 i 4500
001 78165
003 ES-MaACL
005 20230906173554.0
007 t|
008 041011s1928 fr ||||1| fre d
100 1 _aHanse, Joseph.
_961755
245 1 0 _aCharles de Coster /
_cJoseph Hanse.
260 _aLiƩge :
_b[s.n.,
_c1928] (
_fImp. Vaillant-Carmanne)
300 _a386 p. ;
_c25 cm.
600 0 4 _aCoster, Charles de.
_941145
852 _aES-MaACL
_jA-3788
999 _c78165
_d78165